[Event "Gibraltar Masters"]
[Site "Caleta ENG"]
[Date "2005.01.02"]
[Round "9"]
[White "Shirov, Alexei"]
[Black "Spraggett, Kevin"]
[Result "1-0"]
[WhiteElo "2713"]
[BlackElo "2589"]
[Annotator "Shirov, A"]
[PlyCount "73"]
[EventDate "2005.01.25"]
[EventType "swiss"]
[EventRounds "10"]
[EventCountry "ENG"]
[Source "EDAMI"]
[SourceDate "2006.12.20"]

{Este fue mi tercer encuentro frente al gran maestro canadiense más conocido
de la Historia. En 1990 jugamos dos partidas  completamente locas y cada uno
ganó una de ellas. Más tarde, nos hicimos buenos amigos y Kevin también fue mi
segundo en algunos torneos, como  Groningen 1993, Linares 1995 y Dos Hermanas
1997. Naturalmente, al trabajar juntos pude conocer aún mejor a este original
jugador y buena persona.  Casi ocho años después del torneo de Dos Hermanas,
nuestros caminos se volvieron a cruzar, esta vez como rivales directos frente
al tablero, luchando por el primer puesto del torneo. Claro está que, llevando
blancas, tenía que intentar ganar la partida, para lo que no siempre resulta
fácil mentalizarse al enfrentarse al antiguo entrenador.} 1. e4 c5 2. Nf3 e6 3.
d4 cxd4 4. Nxd4 a6 {Spraggett posee un amplio conocimiento de apertura
(durante nuestro trabajo, me enseñó al menos tres aperturas completamente
nuevas para mí) pero, de algún modo, este sistema parece encajar con su estilo
al máximo - no hay una 'victoria directa' para las blancas, mientras que las
negras, aunque quedan algo pasivas, pueden contraatacar en cualquier momento.
Debo admitir que esperaba alguna sorpresa  de Kevin en la apertura y no presté
bastante atención a su repertorio habitual actual.} 5. Bd3 {Mi continuación
favorita desde 1998. También suelo emplear 5.Nc3 que es un poco menos flexible,
ya que las blancas pierden la posibilidad de jugar c4.} Nf6 6. O-O d6 7. c4 Qc7
{Maniobrando hacia su usual "sistema erizo" . ?Tengo que mencionar que, cuando
jugué el erizo frente a Kramnik en Dos Hermanas 1997, fue Kevin quien me
convenció para hacerlo?. Rublevsky, por ejemplo, prefiere 7...Bd7.} 8. Nc3 Be7
9. b3 $5 {Una disposición más 'normal' sería colocar el alfil en e3, la torre
en c1, los peones en f4,a3,b4 etcétera. Pero esto sería un "erizo" muy clásico,
en el cual no tengo mucha confianza, pues en algún momento puede ser más fácil
para las negras mejorar su posición, que para el blanco. Naturalmente, es una
pura cuestión de gustos y conocimiento.} b5 $1 {Spraggett correctamente decide
que, con el alfil blanco en b2, los planes 'pasivos' son menos efectivos, pues
las blancas pueden obtener también algunas posibilidades de ataque en el
flanco de rey.  Ahora las negras ganan algo de espacio, pero...!el peón ya no
puede volver a b6 para conseguir el erizo!} 10. Bb2 b4 11. Nce2 Nbd7 12. Ng3 $5
$146 {
Esta natural jugada resultó ser una nevedad. Alguna partida de Spraggett siguió
} (12. a3 bxa3 13. Rxa3 Nc5 $13 {. Yo tenía la impresión que el peón "b4" es
una potencial debilidad, así que no debe cambiarse tan pronto.}) 12... Nc5 ({
Yo estaba muy preocupado por} 12... h5 $5 {
pues no me gustaba mucho la posición resultante de} 13. Re1 h4 14. Nf1 h3 15.
g3 $13 {# (diagram). Como Spraggett admitió tras la partida, tampoco le
gustaba para él, debido a que el peón h3 sería débil en cuanto las negras se
enrocasen..}) 13. Bc2 Bb7 14. Qe1 $5 {Intentando mantener un ojo sobre el peón
b4 y dejando la casilla e2 para un caballo en algunas líneas.} ({La más natural
} 14. Qe2 {podría ser contestada con} h5 15. f3 h4 16. Nh1 h3 17. g3 g6 $5 $13)
14... O-O 15. Rd1 ({Quizás ya podía jugar} 15. f4 {pero tras} Rfe8 $5 {
todavía no es fácil continuar avanzando, por ejemplo} 16. e5 $6 dxe5 17. fxe5
Ng4 $15) 15... Rfe8 16. f4 $5 ({Puede que mi idea inicial} 16. f3 $5 {
fuese más flexible, aunque no hay nada malo en la posición de las negras tras}
Qb6 {seguido de 17...Nfd7}) 16... d5 $6 {# (diagram) Tampoco es es fácil para
las negras quedarse quietas y esperar, pero ahora tendremos una estructura
similar a la algunas variantes de la española, que deben ser ligeramente
favorables a las blancas.} (16... Rad8 {parecía más lógica.}) 17. cxd5 $1 ({
Las complicaciones derivadas de} 17. exd5 exd5 18. Ngf5 dxc4 $13 {no me atraían
}) 17... exd5 18. e5 Nfe4 19. Ndf5 ({Tal vez ahora yo hubiera preferido} 19.
Ngf5 Bf8 20. Ne3 $14 {pero durante la partida me pareció que debía seguir
luchando por la casilla "e4"  y no dejar el caballo negro 'intocable'.}) 19...
Bf8 {# (diagram)} ({La táctica no funciona, por ejemplo:} 19... Na4 $2 20. bxa4
Qxc2 21. Nxe7+ Rxe7 22. Qxb4 $1 Nxg3 23. Qxe7 Ne2+ 24. Kh1 Nxf4 25. Rg1 Qxb2
26. Rb1 $16 {y las blancas terminan con ventaja material.}) 20. Rc1 $5 ({
Tras alguna reflexión decidí no simplificar todavía la posición. Tal vez no
fue la decisión más práctica, ya quetras} 20. Nxe4 {las negras tendrían una
difícil elección entre dos formas de dar un peón. La correcta parece} dxe4 $1 (
{,pues no veo mucha compensación después de} 20... Nxe4 21. Bxe4 dxe4 22. Nd6
Bxd6 23. Rxd6 e3 (23... a5 $6 24. Qg3 Qc2 25. Bd4 {
es extremadamente peligroso para las negras}) 24. Qxb4 Rad8 25. Qc3 $1 {
y las negras no pueden conseguir el tipo de final 'de tablas' que normalmente
buscan cuando tienen un peón menos con alfiles de diferente color.}) 21. Nd6
Bxd6 22. exd6 Qd7 (22... Qb6 $6 23. Bd4 Qb5 24. Qg3 Ne6 25. Be5 $16) 23. Qxb4
Rac8 $1 {y aquí, por el contrario, las negras tienen muy buenas posibilidades
de tablas, en vista de la coordinación de sus piezas y el fuerte peón central.}
) 20... Qd7 {
Ahota la partida toma un rumbo tranquilo. !Pero no por mucho tiempo!} 21. Qe3
Rac8 22. Rfd1 Qe6 23. Nd4 Qb6 (23... Qg4 $5 {posiblemente hubiera hecho que me
lamentara de mi jugada 20, pues tendría que jugar} 24. Nxe4 {de todos modos} (
24. Nge2 $6 f6 $1 $15) {y tras} 24... dxe4 $13 {las negras parecen estar bien.}
) 24. Nde2 Qb5 {# (diagram)} 25. f5 $5 ({No se si habría comentado esta
partida si no me hubiera decidido a hacer esta jugada tan aguda, pero hablando
objetivamente, la tranquila} 25. Bb1 $142 $14 {era preferible. Una historia
usual: sentirse fascinado por una idea y tener poco tiempo para evaluar todas
las jugadas adecuadamente...}) 25... Nd7 {
?Van las blancas simplemente a perder su peón central?} 26. Bd3 {!Todavía no!}
Rxc1 $1 {Jugado casi instantáneamente y correctamente. Yo confiaba en mucho
más agradables líneas como} (26... Bc5 27. Bd4 Qb6 28. Bxe4 dxe4 29. Rxc5 $1 {
(aquí no es ni siquiera un sacrificio, ya que las negras no pueden tomar el
alfil con el caballo debido a 30.Rc1)} Rxc5 30. f6 $1 Rexe5 31. Bxc5 Nxc5 32.
fxg7 {con un ataque muy fuerte.}) 27. Rxc1 Qa5 ({pero ahora rechazar} 27... Bc5
$5 {parece bastante arriesgado, ya que probablemente hubiera igualado de modo
forzado, por ejemplo:} 28. Bd4 (28. Rxc5 $2 {no tiene sentido ahora, debido a}
Qxc5 29. Bd4 Qf8 $17) 28... Qb6 29. Bxe4 ({aquí} 29. Rxc5 $5 {pudiera ser de
hecho interesante, aunque de todos modos no promete más que igualdad tras}
Nexc5 30. f6 (30. Bb1 Qc6 31. Nh5 Qh6 32. Nef4 g5 $1 $13 {
parece bueno para las negras}) 30... Rxe5 $1 31. Bxe5 Nxe5 32. fxg7 Nexd3 33.
Nf5 Nd7 34. Ned4 N3e5 35. Qg5 Ng6 36. Qe3 Nge5 $11) 29... Bxd4 30. Qxd4 dxe4
31. Qxb6 Nxb6 32. Rc7 Bd5 33. Nf4 Rxe5 34. Nxd5 Rxd5 35. Nxe4 (35. Rb7 Nd7 36.
Nxe4 a5 $11) 35... h6 $1 $11 {y las negras están perfectamente bien en el final
}) 28. e6 $1 {La clave de 25.f5. De otro modo sólo habría de qué lamentarse.}
fxe6 29. fxe6 Rxe6 {Después de la partida Spraggett estaba muy descontento con
esta captura, sugiriendo} (29... Ndc5 $5 {en su lugar.  Sin embargo, no
hubiera sido una elección tan práctica debido a que, en mi opinión, tras} 30.
Nxe4 Nxe4 (30... dxe4 $2 31. Bc4 Nxe6 32. Nf4 Qg5 33. Bd4 Bc8 34. Qxe4 $18) 31.
Nd4 $1 {no hubiera sido en absoluto fácil, encontrar la jugada única} Qd8 $1 ({
mientras que todo lo demás casi pierde, por ejemplo} 31... Bc5 $6 32. Bxe4 dxe4
33. Qf4 Rf8 34. Qe5 Bb6 35. Qxa5 Bxa5 36. e7 Re8 37. Nf5 $16) (31... Qxa2 $6
32. Qe2 Qa5 33. Qh5 $1 g6 34. Qf3 Ng5 35. Qf6 Be7 36. Qe5 $18) (31... Bd6 $6
32. Nf5 Rxe6 33. Bxg7 Bc5 34. Bd4 Bxd4 35. Qxd4 Qb6 36. Qxb6 Rxb6 37. Rc7 h5
38. g3 $16) {La idea de 31...Qd8! es que las negras defienden con éxito su rey
sin temor a posibles finales, incluso aunque parezcan  sospechosos, por
ejemplo} 32. Qe2 ({No veo forma de hacer progresos tras} 32. Qf4 Qf6 33. Qxf6
Nxf6 34. Rc7 Re7 $11) 32... Bc8 $1 (32... Bd6 $6 33. Bxe4 dxe4 34. Nf5 Bf8 35.
e7 Bxe7 36. Bxg7 Bg5 37. Qg4 $1 $18) 33. Bxe4 dxe4 34. Qxe4 Bxe6 35. Nxe6 Qb6+
36. Bd4 Qxe6 37. Qxe6+ Rxe6 $11 {
y las blancas sólo tienen una ventaja  simbólica.}) ({
Por otro lado, una jugada diferente con el caballo} 29... Ndf6 $2 {perdería por
} 30. Bxf6 Nxf6 31. Qa7 $18) 30. Nf4 {# (diagram)} Re8 $4 {
Finalmente la tensión mutua decide. Era absolutamente obligado jugar} (30...
Bc5 {y tras} 31. Rxc5 (31. Bd4 Rc6 32. Bxc5 Rxc5 33. Rf1 Qb6 34. Nxd5 Bxd5 35.
Nxe4 Rc6 $11) 31... Ndxc5 $1 ({Tengo que admitir que yo sólo había visto} 31...
Qxc5 32. Bd4 Qd6 33. Nxe6 Qxe6 34. Nxe4 dxe4 35. Bc4 Bd5 36. Qg5 $18 {
durante la partida}) {
, tras lo cual, la única posibilidad práctica de ganar sería} 32. Nxe4 (32.
Nxe6 Nxe6 33. Nxe4 dxe4 34. Bxe4 Bxe4 35. Qxe4 Qc5+ 36. Kf1 Qd6 $11 {
parece tablas}) 32... Rxe4 33. Bxe4 dxe4 34. Bd4 Nd7 35. Ne6 $13) 31. Nxe4 dxe4
$6 ({Naturalmente, el ordenador correctamente  considera} 31... Rxe4 {
como la única jugada, aunque igualmente tras} 32. Bxe4 dxe4 33. Ne6 $18 {
las blancas tienen la partida completamente ganada.}) 32. Bc4+ Kh8 {Aquí ocurri
ó una de las anécdotas más curiosas de mi carrera. Como yo tenía algo más de
15 minutos en el reloj (teníamos también un incremento de un minuto por jugada)
comencé a pensar en un camino muy complicado para buscar una forma  concreta
de ganar usando ese tiempo. Entonces mi oponente, de repente... abandonó. Y
cuando le pregunté la razón, simplemente me mostró 33.Ng6+ hxg6 34.Qh6 mate. 
?Qué puedo decir...? Yo mismo no había visto ese mate de principiante cuando 
Kevin me dio la mano, así que, tras la partida, quedé preocupado sobre todo
por la cuestión de si finalmente la habría visto. Y en caso de no verla
?Habría ganado la partida?   No son los pensamientos más placenteros, teniendo
en cuenta que tampoco me encontraba del todo bien hacia el final del torneo. 
De hecho, la jugada que yo estaba calculando principalmente, era} 33. Qh3 {
ya que no estaba 'seguro' de} (33. Ng6+ hxg6 34. Qh3+ $4 Qh5 35. Qxd7 {
que 'afortunadamente' también parece ganar tras} Qc5+ 36. Kh1 Re7 37. Qd8 Qc8
38. Qd6 $1 {con amenazas imparables.}) {Así pues, mi 'línea principal' era}
33... Qb6+ (33... Ne5 34. Be6 {también gana.}) 34. Kh1 Qd6 {#  (diagram) Por
suerta, la victoria de las blancas es fácil de establecer aquí, por ejemplo:}
35. Rf1 $1 e3 36. Be6 $1 Rxe6 37. Qxe6 $18 {, y por ello puedo concluir que
probablemente no hubiera dejado escapar el punto incluso si no hubiera visto
el mate en dos.   ?Puede haber una mejor prueba de la regla que dice que nunca
es demasiado tarde para rendirse?} 1-0

[Event "Aeroflot Open"]
[Site "Moscow RUS"]
[Date "2005.02.17"]
[Round "3"]
[White "Mamedyarov, Shakhriyar"]
[Black "Karjakin, Sergey"]
[Result "1-0"]
[WhiteElo "2657"]
[BlackElo "2599"]
[Annotator "Ubilava, E"]
[PlyCount "75"]
[EventDate "2005.02.15"]
[Source "EDAMI"]
[SourceDate "2006.12.20"]

{Un encuentro entre dos grandes promesas y muy bien jugado por parte del
jugador azerí. Este enfrentamiento muestra que Mamedyarov, en realidad es un
jugador universal y su sentido posicional y la lógica de su juego son tan
altos como su talento combinativo.} 1. c4 e5 2. Nc3 Nf6 3. Nf3 Nc6 4. g3 d5 5.
cxd5 Nxd5 6. Bg2 Nb6 7. O-O Be7 8. d3 O-O 9. Be3 Bg4 ({Si las negras siguen} 
9... Kh8 10. Rc1 f5 {la idea de Shakhriyar es continuar} 11. Qd2 Be6 12. a3 Nd4
13. Bxd4 exd4 14. Nb5 c5 15. b4 a6 16. Nd6 $5 Bxd6 17. bxc5 {
con una posición dinámica, Mamedyarov S.-Yakovich Y. Moscú, Aeroflot open 2005.
}) 10. Rc1 Kh8 11. Na4 Nd7 $6 {Esta humilde retirada permite desatar al blanco
una fluida iniciativa. Sin embargo, como demostró M.Cebalo, las negras tienen
una réplica que hay que tener muy en cuenta} (11... e4 $5 {y después de} 12.
Nxb6 axb6 13. dxe4 Qxd1 14. Rfxd1 Rxa2 {(Piven I.-Cebalo M. Biel MTO open 1993)
me pregunto que tendría preparado nuestro protagonista en esta posición. Quizá
su fantasía creativa descubrió algo como} 15. h3 Be6 16. e5 {y si} Rxb2 17. Nd4
{con buena posición para las blancas. Pero está claro que sólo él mismo podrá
mostrar su idea en futuros encuentros.}) 12. a3 {A partir de este momento el
gran maestro azerí consigue ventaja, incrementando poco a poco su dominio sin
soltar en ningún momento su presa.} f5 13. b4 Bd6 ({La continuación} 13... f4
14. Bc5 Bd6 15. b5 Ne7 16. Ng5 Ng6 17. Ne4 {también es cómoda para las blancas.
}) 14. b5 Ne7 15. Nc5 Nxc5 16. Bxc5 Qd7 17. Qb3 f4 18. Rc2 Rac8 19. Rfc1 Be6
20. Qb4 {Todas estas jugadas son tan obvias que no necesitan comentarios.} fxg3
21. hxg3 b6 22. Bxd6 cxd6 23. Rxc8 Rxc8 24. Rxc8+ Nxc8 {diagrama.} 25. d4 $1 {
Con este fuerte recurso, las blancas rompen las líneas defensivas del gran
maestro ucraniano y empiezan a penetrar en el campo de su contrincante.} exd4 (
25... e4 {es un grave error por} 26. Ng5) 26. Nxd4 Bg8 27. Nc6 h6 28. Qf4 Ne7
29. Qf8 Ng6 30. Qb8 {La posición de las negras es desesperada y Karjakin debe
buscar algún contra juego, pero las piezas negras estan demasiado pasivos para
molestar a su adversario.} Qe6 31. Bf3 Ne5 32. Nxe5 dxe5 33. Bc6 (33. Qxa7 e4
34. Bg2 e3 {deja alguna esperanza a las negras.}) 33... Qc4 34. Qxa7 Qxe2 35.
Qxb6 Bc4 {Queda impresion que el joven ukraniano puede crear un conflicto,
pero esa ilusion desaparece enseguida, en realidad es solo una fantasma de
contra juego y parece que Mamedyarov no teme las fantasmas.} 36. Qc5 e4 37. b6
Qd1+ 38. Kh2 1-0

[Event "Aeroflot Open B"]
[Site "Moscow RUS"]
[Date "2005.02.17"]
[Round "3"]
[White "Novikov, S."]
[Black "Lahno, Kateryna"]
[Result "0-1"]
[WhiteElo "2514"]
[BlackElo "2454"]
[Annotator "Ubilava, E"]
[PlyCount "76"]
[EventDate "2005.02.15"]
[Source "EDAMI"]
[SourceDate "2006.12.20"]

{Ekaterina Lahno tiene varias cualidades imprenscindibles para seguir subiendo
en el escalon deportivo de ajedrez. Es joven, tiene un caracter tremendamente
luchador, tacticamente es habil y ademas sus partidas muestran que
teoricamente esta bien informado. En la partida de presentacion muestra sus
garras bastante afiladas. en una posicion teoricamente bien conocida las
blancas cometen un par de imprecisiones lo que provoca la descoordinacion de
las piezas en su bando. Lahno con unas maniobras sutiles incomoda aun mas la
posicion de su contrincante. Finalmente las blancas cometen error evidente y
reciben un inmediato castigo.} 1. c4 Nf6 2. Nf3 g6 3. Nc3 Bg7 4. e4 d6 5. d4
O-O 6. Be2 Na6 7. O-O e5 8. Be3 Ng4 9. Bg5 Qe8 10. dxe5 {Es una de las
direcciones principales de esa variante, pero tambien existen otras
continuaciones que llaman atencion, uno de ellos es:} (10. c5 dxc5 11. Bxa6
bxa6 12. Nd5 Rb8 13. dxe5 Nxe5 14. Nf6+ Bxf6 15. Bxf6 Nd7 16. Bc3 {
B.Avrukh-D.Bojkov 34 TCh GRE 2005}) 10... dxe5 11. h3 f6 {
Las negras liberan la casilla f7 para su caballo} 12. Bd2 Nh6 13. c5 {
Esa jugada provoca bastantes cambios en la posicion y a mi juicio noconstituye
ningun problema para las negras, La posicion mas compleja surge despues de la
jugada} (13. a3 {con la idea de avanzar los peones del flanco de dama.}) 13...
Nxc5 14. Qc1 Nf7 15. Nd5 Ne6 16. Nxc7 Nxc7 17. Qxc7 Nd8 {Todo eso esta bien
conocido en la teoria, practicamente es ahora cuando las blancas deberian
mostrar algun plan con ambicion de consegur algo de ventaja.} 18. Bc4+ $6 {
El cambio inmediato de los alfiles blancos solo harmoniza la coordinacion de
las piezas negras, creo que es mejor segur el plan:} (18. Rfc1 Be6 19. Be3 Rf7
20. Qc3 Bf8 21. b4 Qa4 22. a3 Rc8 23. Qb2 {
M.Gurevich-J.Lopez Martinez 22 open Andora de la Vella AND 2004}) 18... Be6 19.
Bxe6+ Qxe6 20. Rfc1 Rf7 21. Qc4 {el cambio de damas es casi una oferta de
tablas, pero las negras ya no tienen ninguna preocupacion y pueden seguir
jugando sin ningun riesgo.} Rd7 22. b4 a6 23. a4 Qxc4 24. Rxc4 {diagrama.} Nf7
$1 {cuando tienes una casilla libre tan atractiva como e6 el caballo se salta
casi automaticamente a ese lugar, pero la jugadora ukraniana se fija en otra
casilla mucho mas atractiva para su caballo, ademas por el camino las piezas
negras crean un "desconfort" a las fuerzas de su adversario.} 25. Re1 Nd6 26.
Rc5 Bf8 27. Re2 ({La jugada} 27. Rd5 {otorga la columna "c" a las negras} Rc7 {
y si} 28. Bh6 {un simple} Be7 {da mejores perspectivas a E.Lahno}) 27... b5 28.
Be1 Nc4 {las negras lo han reforzado su posicion y tienen clara ventaja} 29.
Rc6 Rd6 30. Rc7 ({despues de} 30. Rxd6 Nxd6 {
la torre negra va a ocupar la columna "c".}) 30... Rd1 31. Kh2 Nd6 {
amenaza 32... ba} 32. a5 Nc4 33. Nd2 $4 {debo reconocer que las blancas estan
en una posicion dificil, pero aun quedaba mucho camino para demostrar esa
ventaja de parte de las negras, sin embargo Novikov con su grave error "evita
larga agonia"} Rxe1 $1 34. Rxe1 Nxd2 {
ademas las blancas no pueden defender sus peones del flanco de dama} 35. Rec1
Bxb4 36. R1c6 Nxe4 37. f3 Nd6 38. Rd7 Ne8 0-1